000 00740nam a2200205 ar4500
001 4212
005 20221127090907.0
008 150421s xxua d 00010 eng d
020 _a9780062736345 :
_cSR130.00
082 0 4 _a419.703
_bAm35 1998
245 0 0 _aAmerican sign language dictionary /
_cMartin L. Sternberg ; illustrations by Herbert Rogoff and North Market Street Graphics.
246 1 _aAmerican sign language.
250 _a3rd ed., revised.
260 _aNew York :
_bHarper Perennial,
_c1998.
300 _axvii, 772 p. :
_bill. ;
_c24 cm.
500 _aAbridged ed. of: American Sign Language.
650 4 _aAmerican sign language
_vDictionaries.
650 4 _aSign language
_vDictionaries.
700 0 _aSternberg, Martin L. A.
999 _c4210
_d4210